[Event "FIDE Chesscom Grand Swiss 2021"]
[Site "Riga"]
[Date "2021.11.03"]
[Round "7.46"]
[White "Van Foreest, Lucas"]
[Black "Cheparinov, Ivan"]
[Result "1/2-1/2"]
[WhiteElo "2543"]
[BlackElo "2659"]
[Annotator "TA"]
[PlyCount "86"]
[EventDate "2021.10.27"]
[EventType "swiss"]
[EventCountry "LAT"]
[Tiebreak "Cut1 Buchholz+Sonneborn-Berger (Swiss)"]
[SourceTitle "playchess.com"]
[Source "ChessBase"]
[SourceQuality "1"]

{[%evp 12,86,10,6,12,10,24,23,38,38,33,-19,-24,-41,-10,-29,-33,-31,-51,-115,
-127,-122,-120,-129,-113,-120,-123,-109,-113,-118,-72,-93,-74,-66,-70,-71,-56,
-94,-95,-89,-65,-91,-35,-74,-62,-87,-64,-59,-49,-76,-29,-79,-85,-93,-79,-92,
-79,-87,-34,-34,-47,-56,-56,-58,0,0,9,7,7,0,0,0,0,0,0,0,0]} 1. e4 e5 2. Nf3 Nc6
3. Bc4 Nf6 4. d3 Bc5 5. O-O d6 6. c3 O-O 7. Re1 $1 {[%mdl 4] is more
profitable than 7.Bb3 at the moment.} a5 {C54: Giuoco Piano: 4 c3 Nf6, main
lines with 5 d4 and 5 d3.} 8. Nbd2 Ng4 9. Re2 Kh8 {White has an edge.} 10. h3
Nh6 {[#]} 11. g4 $146 (11. Bd5 $14) ({Predecessor:} 11. Nf1 f5 12. Bg5 Qd7 13.
Bxh6 gxh6 14. exf5 Qxf5 15. Bd5 Qg6 16. d4 Bb6 17. Ng3 {1-0 (32) Bakhmatsky,V 
(2666)-Harutyunian,T (2800) Chess.com INT 2019}) 11... Be6 12. Nf1 d5 (12...
Bxc4 {is more complex.} 13. dxc4 Ng8 14. Kg2 Nf6 15. a4 Nd7) 13. exd5 (13. Bb3
{is interesting.} dxe4 14. dxe4 Qxd1 15. Bxd1 a4 16. Bxh6 gxh6 17. Ng3) 13...
Bxd5 14. Nxe5 {[#] Black must now prevent Bxh6.} Nxg4 15. Bxd5 ({Don't play} 
15. hxg4 Nxe5 16. Bxd5 (16. Rxe5 Qh4 17. Qf3 Bxf3 18. Ng3 Qxg3+ {[%mdl 64]
Double Attack} 19. Kf1 Qxf2#) 16... Qxd5 $17) ({White should play} 15. Nxc6 $15
Nxf2 {[%mdl 64] Double Attack} 16. Nxd8 Nxd1+ 17. Kh2 Bd6+ 18. Kg1 Bxc4 19.
Nxb7 Bxd3 20. Re1) (15. Nxc6 Bxc6) 15... Ncxe5 $17 ({Much weaker is} 15...
Ngxe5 $6 16. Bxc6 Nxc6 17. Re1 $11) 16. Bg2 {[#] Strongly threatening d4.} Nxf2
$1 17. Rxf2 Nxd3 {[%mdl 64] Pin} ({Much less strong is} 17... Qxd3 18. Qxd3
Bxf2+ 19. Kxf2 $15) (17... Bxf2+ 18. Kxf2 Nxd3+ 19. Kg1 $15) 18. Be3 {aiming
for Rd2.} Bxe3 19. Nxe3 {Hoping for Rd2.} Nxf2 20. Kxf2 Qh4+ 21. Kg1 f5 22. Qf3
Rae8 23. Rf1 Qg5 24. Nd5 c6 25. Nf4 {[%cal Bd5f4,Bf4e2,Be2d4][%mdl 32]} Qe7 26.
Qf2 Qd6 (26... Rf6 $17) 27. Ne2 Re5 28. Nd4 f4 29. Qh4 Re3 30. Kh1 Qf6 31. Qg4
g6 32. Qd1 Rfe8 33. Qa4 Re1 34. Nf3 Rxf1+ ({Black should try} 34... R1e2 $17
35. b3 b6) 35. Bxf1 $15 b6 36. Qc4 g5 37. Qa6 h5 (37... c5 $15) 38. Qxb6 $11 {
The position is equal.} g4 39. Qxa5 Qg6 40. Nh4 Qe4+ 41. Kg1 Qe3+ 42. Kh1 Qe4+
43. Kg1 Qe3+ {Weighted Error Value: White=0.13/Black=0.12} 1/2-1/2

[Event "FIDE Chesscom Grand Swiss 2021"]
[Site "Riga"]
[Date "2021.11.03"]
[Round "7.47"]
[White "Neiksans, Arturs"]
[Black "Rakhmanov, Aleksandr"]
[Result "1/2-1/2"]
[WhiteElo "2570"]
[BlackElo "2657"]
[Annotator "TA"]
[PlyCount "61"]
[EventDate "2021.10.27"]
[EventType "swiss"]
[EventCountry "LAT"]
[Tiebreak "Cut1 Buchholz+Sonneborn-Berger (Swiss)"]
[SourceTitle "playchess.com"]
[Source "ChessBase"]
[SourceQuality "1"]

{[%evp 11,61,29,30,30,31,28,35,34,40,31,31,24,19,20,39,16,24,22,28,11,14,14,17,
4,31,28,28,20,17,16,14,18,29,8,21,9,8,6,8,0,0,0,0,-9,0,0,0,0,0,0,0,0]} 1. e4 e5
2. Nf3 Nf6 3. Nxe5 d6 4. Nf3 Nxe4 5. Nc3 Nf6 6. d4 Be7 7. h3 {C42: Petroff
Defence: 3 Nxe5 and unusual White 3rd moves.} O-O 8. Bd3 Re8 9. O-O {White is
slightly better.} h6 10. Bf4 Bf8 11. Re1 Rxe1+ 12. Qxe1 {[#]} Be6 $146 ({
Predecessor:} 12... Nbd7 13. Qd2 b6 14. d5 Bb7 15. Bc4 a6 16. a4 Nc5 17. Re1
Nxa4 18. Nxa4 b5 {1-0 (29) Klenburg,M (2346)-Paravyan,D (2647) Chess.com INT
2021}) 13. Qe2 Nc6 {[%cal Bb8c6,Bc6e7,Be7g6][%mdl 32]} 14. a3 Ne7 15. Re1 c6
16. Ne4 Nxe4 17. Qxe4 {[%csl Gd3][%cal Re4h7] [#]} Ng6 (17... Bf5 {keeps more
tension.} 18. Qe2 Bxd3 19. Qxd3 Nd5 20. Bd2 Nf6) 18. Bg3 Qf6 19. Nh4 {[%cal
Rh4g6]} (19. Qe3 {is interesting.} Rd8 20. c3 Bd7 21. d5 c5 22. Qd2) 19... d5
20. Qf3 Qxf3 21. Nxf3 {[#] Bxg6 is the strong threat.} Ne7 22. Bd6 Nf5 {
The position is equal.} 23. Bxf8 Kxf8 24. c3 Nd6 25. Ne5 Re8 26. Kf1 (26. f4 {
feels hotter.} g5 27. Kf2 f6 28. Ng4 Bxg4 29. Rxe8+ Kxe8 30. hxg4 b5 31. b3)
26... g5 27. Nf3 Kg7 28. g4 f6 29. Kg2 Bd7 30. Rxe8 Bxe8 31. Nd2 {Weighted
Error Value: White=0.06/Black=0.03} 1/2-1/2

[Event "FIDE Chesscom Grand Swiss 2021"]
[Site "Riga"]
[Date "2021.11.03"]
[Round "7.48"]
[White "Paravyan, David"]
[Black "Goryachkina, Aleksandra"]
[Result "1/2-1/2"]
[WhiteElo "2642"]
[BlackElo "2602"]
[Annotator "TA"]
[PlyCount "62"]
[EventDate "2021.10.27"]
[EventType "swiss"]
[EventCountry "LAT"]
[Tiebreak "Cut1 Buchholz+Sonneborn-Berger (Swiss)"]
[SourceTitle "playchess.com"]
[Source "ChessBase"]
[SourceQuality "1"]

{[%evp 14,62,0,0,12,-6,-7,0,-15,-3,0,0,0,-55,-35,-54,-61,-53,-10,-29,-24,-31,
-32,-39,-30,-32,-11,-10,0,0,0,0,0,0,0,0,0,0,0,0,0,0,0,0,0,0,0,0,0,0,0]} 1. e4
e5 2. Nf3 Nc6 3. Bc4 Bc5 4. O-O Nf6 5. d3 h6 6. c3 d6 {The main line 6...d6
scores better than 6...0-0.} 7. Bb3 O-O 8. h3 a5 {C54: Giuoco Piano: 4 c3 Nf6,
main lines with 5 d4 and 5 d3.} 9. Be3 {[#]} (9. d4 {feels hotter.} Ba7 10. Re1
Re8 11. d5 Ne7 12. c4) 9... Re8 $146 ({Predecessor:} 9... Bxe3 10. fxe3 Be6 11.
Bc2 d5 12. exd5 Nxd5 13. Qe2 f5 14. Nbd2 Qf6 15. Ba4 Nce7 16. Rae1 {1/2-1/2 
(16) Alekseev,E (2639)-Meskovs,N (2557) Tallinn 2019}) 10. Bxc5 dxc5 11. Na3
Bd7 12. Re1 Nh5 13. d4 (13. Ba4 $11) 13... cxd4 14. cxd4 exd4 15. Nb5 Be6 16.
Nfxd4 Nxd4 17. Nxd4 Bxb3 18. Nxb3 Nf4 19. Qg4 Ne6 (19... Qd6 {seems wilder.}
20. Rad1 Qe5 21. Qf5 Qxf5 22. exf5 Rxe1+ 23. Rxe1 a4) 20. Rad1 {The position
is equal.} Qg5 21. Qxg5 hxg5 22. Nd4 Nxd4 23. Rxd4 $11 {[%mdl 4096] Endgame
KRR-KRR} Rad8 24. Red1 Rxd4 25. Rxd4 {KR-KR} f6 26. Rd7 Rxe4 27. Rxc7 b5 28.
Kf1 Ra4 29. a3 b4 30. axb4 Rxb4 31. Ra7 Rxb2 {Weighted Error Value: White=0.07/
Black=0.05} 1/2-1/2

[Event "FIDE Chesscom Grand Swiss 2021"]
[Site "Riga"]
[Date "2021.11.03"]
[Round "7.49"]
[White "Durarbayli, Vasif"]
[Black "Bjerre, Jonas Buhl"]
[Result "1-0"]
[WhiteElo "2629"]
[BlackElo "2569"]
[Annotator "TA"]
[PlyCount "95"]
[EventDate "2021.10.27"]
[EventType "swiss"]
[EventCountry "LAT"]
[Tiebreak "Cut1 Buchholz+Sonneborn-Berger (Swiss)"]
[SourceTitle "playchess.com"]
[Source "ChessBase"]
[SourceQuality "1"]

{[%evp 9,95,23,29,14,25,-34,-27,-39,-20,-38,-38,-41,-29,-29,-34,-42,-12,-13,
-18,-11,3,0,0,-8,8,0,35,26,31,31,50,23,23,21,21,21,21,21,20,0,0,0,0,4,5,5,6,0,
0,0,5,0,9,10,18,22,30,31,39,36,38,37,47,26,39,34,43,47,77,75,300,300,300,300,
300,300,300,300,428,421,568,560,520,514,585,559,547,532]} 1. e4 c5 2. Nf3 d6 3.
d4 cxd4 4. Nxd4 Nf6 5. Nc3 a6 6. h4 {B90: Sicilian Najdorf: Unusual White 6th
moves, 6 Be3 Ng4 and 6 Be3 e5.} e5 7. Nf5 $5 {[%mdl 4] A promising side line.}
({Better is} 7. Nb3 $11) 7... d5 $15 8. Qf3 {[%cal Re4d5] [#] Black has an
edge.} d4 $146 ({Predecessor:} 8... g6 9. Nh6 Be6 10. Bg5 Bxh6 11. Bxf6 Qb6 12.
Bxh8 Qxb2 13. Rb1 Qxc2 14. Qd3 Qxd3 15. Bxd3 d4 16. Nd5 Bxd5 17. exd5 Nd7 18.
h5 Bg5 19. hxg6 hxg6 20. Bxe5 Nc5 {1-0 (20) Yoo,C (2485)-Sarana,A (2649) Chess.
com INT 2021}) 9. Nd5 Nxd5 10. exd5 Bxf5 11. Qxf5 Nd7 {[%cal Bb8d7,Bd7f6,Bf6g4]
[%mdl 32]} 12. c3 Qf6 13. Qxf6 Nxf6 14. cxd4 Bb4+ 15. Ke2 exd4 16. a3 Ba5 17.
d6 d3+ 18. Kxd3 Ng4 19. Ke2 O-O-O 20. Bf4 Rhe8+ 21. Kf3 Ne5+ 22. Kg3 {[#] And
now Rc1+ would win.} Rxd6 23. Rc1+ Bc7 24. Be2 Rd4 25. Rc2 Nc6 26. Bg4+ Kb8 27.
Bxc7+ Kxc7 28. Rd1 {Strongly threatening Rxd4.} (28. Bf3 {seems wilder.} Kb6
29. Rhc1 Re6 30. h5 g6 31. Rc3) 28... Rxd1 (28... Red8 {is more complex.} 29.
Rxd4 Rxd4 30. Bf3 Kd6 31. Rc3 g6) 29. Bxd1 $11 {[%mdl 4096] Endgame KRB-KRN}
Rd8 30. Bh5 Rd3+ 31. Kf4 Rd4+ 32. Ke3 Rxh4 33. Bxf7 Kd6 34. Rd2+ Ke7 35. Bd5
Rh6 36. f4 Rd6 37. Ke4 Nb8 38. Rc2 b6 39. Rc7+ Kf6 $2 {This move loses the
game for Black.} (39... Nd7 $16) 40. Rf7+ $18 Kg6 {...Rxd5! is the strong
threat.} 41. f5+ Kh6 42. Ke5 Rd8 {[#]} 43. Ke6 a5 (43... b5 $142 44. Re7 a5)
44. Rb7 {White is clearly winning.} Rf8 45. Ke7 Rxf5 46. Rxb6+ ({Worse is} 46.
Rxb8 Rxd5 47. Rxb6+ Kh5 $11) 46... Kg5 47. Ba8 Re5+ 48. Kd8 {Weighted Error
Value: White=0.06/Black=0.24} 1-0

[Event "FIDE Chesscom Grand Swiss 2021"]
[Site "Riga"]
[Date "2021.11.03"]
[Round "7.50"]
[White "Vokhidov, Shamsiddin"]
[Black "Sethuraman, S.P.."]
[Result "1/2-1/2"]
[WhiteElo "2521"]
[BlackElo "2620"]
[Annotator "TA"]
[PlyCount "139"]
[EventDate "2021.10.27"]
[EventType "swiss"]
[EventCountry "LAT"]
[Tiebreak "Cut1 Buchholz+Sonneborn-Berger (Swiss)"]
[SourceTitle "playchess.com"]
[Source "ChessBase"]
[SourceQuality "1"]

{[%evp 9,139,9,12,15,17,21,23,7,25,12,20,12,14,25,20,31,34,28,25,0,0,0,0,0,0,0,
0,0,0,-17,0,0,0,-10,0,-12,0,3,3,0,0,0,0,0,17,0,-6,-16,-16,-16,0,0,35,0,0,0,60,
61,51,0,2,0,0,0,9,9,66,0,4,-17,-20,-12,-12,-12,-12,-11,-13,-40,-32,-31,-21,-39,
0,-30,-4,-31,-4,-5,-8,-8,-5,-5,-7,-109,0,0,0,-76,-47,-62,-49,-45,0,0,0,0,0,0,0,
0,0,0,0,0,0,0,0,0,0,0,0,0,0,0,0,0,0,0,0,0,0,0]} 1. e4 c5 2. Nf3 d6 3. Bb5+ Nd7
4. d4 cxd4 5. Nxd4 Ngf6 6. Bd3 {B51: Sicilian: Moscow Variation (3 Bb5+)
without 3...Bd7.} Nc5 7. Nc3 {[#]} g6 $146 ({Predecessor:} 7... a6 8. O-O g6 9.
Nb3 Nxd3 10. cxd3 Bg7 11. a4 Bg4 12. f3 Qb6+ 13. d4 Be6 {1/2-1/2 (32) Tari,A 
(2625)-Duda,J (2743) Wijk aan Zee 2021}) 8. f3 {White has an edge.} Bg7 9. Be3
O-O 10. Be2 a6 11. O-O e6 12. Qd2 b6 13. Rfd1 Qc7 14. Nb3 Rd8 15. e5 {[#]
Threatens to win with Nxc5.} Ne8 16. Nxc5 bxc5 17. exd6 $1 Rxd6 18. Qe1 Bb7 19.
Qf2 c4 20. Bc5 Rxd1+ 21. Rxd1 Be5 22. g3 (22. Bxc4 $2 Bxc3 23. Bxe6 (23. bxc3
$2 Rc8 $19) 23... fxe6 $19) 22... Nd6 23. Bb6 Qc6 24. Bd4 Bxd4 25. Qxd4 Nf5 26.
Qf2 Qc7 27. Bf1 Rb8 28. Ne4 Bxe4 29. fxe4 Nd6 30. Qd4 Rd8 31. Qe5 Qb6+ 32. Kg2
Rd7 (32... Nb5 $11 33. Rxd8+ Qxd8) 33. Qd4 $14 Qc6 34. Kg1 {And now e5 would
win.} Rd8 $1 35. Qe5 Kf8 36. Qd4 ({Much weaker is} 36. Qh8+ Ke7 $17) 36... Ke8
37. c3 Qb5 (37... Qxe4 $11 38. Qxe4 (38. Qh8+ Ke7 $17) 38... Nxe4 39. Rxd8+
Kxd8) 38. b3 ({Weaker is} 38. Qh8+ Ke7 $17) (38. b4 $14) 38... Qg5 39. bxc4 Nb7
40. Qh8+ {[%mdl 64] [#] Double Attack} Ke7 41. Rxd8 Qe3+ {[%mdl 64] Double
Attack} 42. Kg2 Qxe4+ 43. Kg1 (43. Kf2 {feels hotter.} Nxd8 44. Qxh7 Qc2+ 45.
Be2 Qxc3 46. Qh4+) 43... Nxd8 44. Qxh7 Qe3+ 45. Kg2 Nc6 {[%mdl 1024] Black has
compensation.} 46. Qh4+ g5 47. Qg4 f5 ({Reject} 47... Qxc3 $6 48. Qxg5+ f6 49.
Qg7+ Ke8 50. Kh3 $16) 48. Qf3 Qd2+ 49. Qf2 Qxc3 50. Qc5+ Kd7 51. Kg1 (51. h3
$11) 51... Nd4 ({Black should play} 51... a5 $17) 52. Qa7+ $11 Ke8 53. Qb8+ (
53. Qxa6 $11 {remains equal.} Qe3+ 54. Kg2) 53... Kf7 54. Qc7+ Kf6 $1 {
Strongly threatening ...Nf3+.} 55. Qd6 Qe3+ (55... Qd2 $5 {[%cal Rd4f3]} 56.
Qf8+ Ke5 57. Qb8+ Ke4 58. Qb7+ Ke3 $17) 56. Kh1 {The position is equal.} Qe4+
57. Kg1 Qe3+ 58. Kh1 Kg6 59. Qd8 Qe4+ (59... f4 {keeps more tension.} 60. Qg8+
Kf5 61. Qh7+ Ke5 62. Qg7+ Kd6) 60. Kg1 Qe3+ (60... Nf3+ {is interesting.} 61.
Kf2 Qe1+ 62. Kg2 Ne5 63. Qg8+ Kf6) 61. Kh1 g4 (61... Qf2 {is more complex.} 62.
Qg8+ Kf6 63. Qf8+ Ke5 64. Qb8+ Ke4) 62. Qg8+ Kf6 63. Qf8+ (63. Qh8+ {with more
complications.} Ke7 64. Qg7+ Kd6 65. Qf8+ Ke5 66. Qg7+) 63... Ke5 64. Qb8+ Ke4
{White should prevent ...Qc1!} 65. Qb7+ Ke5 66. Qb8+ Kf6 67. Qf8+ Kg6 68. Qg8+
Kf6 69. Qf8+ Kg6 {( -> ...Qe4+)} 70. Qg8+ {Weighted Error Value: White=0.12/
Black=0.10} 1/2-1/2

[Event "FIDE Chesscom Grand Swiss 2021"]
[Site "Riga"]
[Date "2021.11.03"]
[Round "7.51"]
[White "Jumabayev, Rinat"]
[Black "Morovic Fernandez, Ivan"]
[Result "1/2-1/2"]
[WhiteElo "2658"]
[BlackElo "2510"]
[Annotator "TA"]
[PlyCount "89"]
[EventDate "2021.10.27"]
[EventType "swiss"]
[EventCountry "LAT"]
[Tiebreak "Cut1 Buchholz+Sonneborn-Berger (Swiss)"]
[SourceTitle "playchess.com"]
[Source "ChessBase"]
[SourceQuality "1"]

{[%evp 13,89,8,28,4,11,-5,12,0,0,-5,-15,0,0,0,0,0,14,0,0,0,3,11,14,0,12,17,14,
11,19,16,30,19,33,27,27,0,0,0,0,0,0,-27,-13,-69,-62,-58,-50,-258,-11,-6,-16,-8,
0,0,-6,-53,0,-40,0,0,0,0,0,0,0,0,0,0,0,0,0,0,0,0,0,0,0,-11]} 1. c4 c6 2. d4 d5
3. e3 Nf6 4. Nf3 Bg4 5. h3 Bxf3 6. Qxf3 e6 7. Nc3 Nbd7 8. Qd1 {D11: Slav
Defence: 3 Nf3 sidelines and 3...Nf6 4 e3 Bg4.} Bd6 9. Be2 O-O 10. O-O dxc4 11.
Bxc4 e5 12. dxe5 Nxe5 13. Be2 Qe7 14. Qc2 Rfe8 15. Bd2 {[#]} Ned7 $146 ({
Predecessor:} 15... Rad8 16. Ne4 Bc7 17. Nxf6+ Qxf6 18. Bc3 Qe7 19. Rfd1 Ng6
20. Bd4 a6 21. Bd3 Be5 {1/2-1/2 (49) Zhao,X (2514)-Muzychuk,A (2545) Beijing
2014}) 16. Rad1 Nc5 17. Bc1 Rad8 18. Bf3 h5 19. h4 g6 20. g3 a5 21. Ne2 Be5 22.
Kg2 Ne6 23. Bd2 Qc5 24. Qb3 Rd7 25. Nf4 Bxf4 26. gxf4 Qf5 27. Bc1 {And now
Rxd7 would win.} Nc5 28. Qc4 (28. Qc3 $11) 28... Nd3 $36 {[%mdl 2048] Black
has some pressure.} 29. b3 Red8 30. e4 $2 {[#]} (30. Be2 $1 $15) 30... Qc5 $2 (
{Better is} 30... Nxf4+ $19 31. Kg1 Qe5 32. Rxd7 Rxd7) 31. Qxc5 $11 Nxc5 32. e5
Nd5 33. f5 gxf5 34. Bxh5 Ne6 35. Rg1 Kh7 36. Kh2 {The position is equal.} Ndf4
37. Rxd7 Rxd7 38. Bxf4 Nxf4 {[%mdl 4096] Endgame KRB-KRN} 39. Rg5 Kh6 40. Bf3
Rd3 41. Kg3 Ne2+ 42. Kg2 Nf4+ 43. Kg3 Ne2+ 44. Kg2 Nf4+ 45. Kf1 {Weighted
Error Value: White=0.15/Black=0.16} 1/2-1/2

[Event "FIDE Chesscom Grand Swiss 2021"]
[Site "Riga"]
[Date "2021.11.03"]
[Round "7.52"]
[White "Adly, Ahmed"]
[Black "Meshkovs, Nikita"]
[Result "1-0"]
[WhiteElo "2602"]
[BlackElo "2550"]
[Annotator "TA"]
[PlyCount "85"]
[EventDate "2021.10.27"]
[EventType "swiss"]
[EventCountry "LAT"]
[Tiebreak "Cut1 Buchholz+Sonneborn-Berger (Swiss)"]
[SourceTitle "playchess.com"]
[Source "ChessBase"]
[SourceQuality "1"]

{[%evp 12,85,0,-1,44,32,42,43,57,8,3,0,0,0,0,4,-3,-6,-6,-64,-66,-70,-72,-93,0,
0,0,0,0,0,12,11,12,28,19,2,45,0,0,0,0,0,0,0,37,37,37,50,37,47,42,45,47,37,262,
259,364,169,492,472,519,520,497,488,2353,1978,29973,29972,29988,29989,29991,
29992,29992,29993,29993,29994]} 1. d4 Nf6 2. Nf3 e6 3. g3 b5 4. Bg2 Bb7 5. O-O
c5 6. a4 b4 7. c3 d5 {A46: 1 d4 Nf6 2 Nf3 e6: Torre, London and Colle Systems.}
8. a5 bxc3 9. Nxc3 Nbd7 {White is slightly better.} 10. Qa4 Rc8 11. Ne5 {[#]}
cxd4 $146 ({Predecessor:} 11... a6 12. e4 dxe4 13. Bg5 h6 14. Bxf6 gxf6 15.
Nxd7 Qxd7 16. Nxe4 Qxa4 17. Rxa4 Rb8 {1/2-1/2 (33) Istratescu,A (2651)
-Iordachescu,V (2582) Haguenau 2013}) 12. Nb5 a6 13. Na7 Ra8 14. Nac6 $132 {
[%mdl 2112] Double Attack. White is not keeping still} Qc7 {Black wants to
play ...Nc5.} 15. Bf4 (15. Nxd7 $11 Qxd7 16. Nxd4) 15... Nc5 $15 16. Qc2 Bxc6
17. Nd3 {[#]} Qc8 (17... Qa7 $1 $17 18. b4 {[#]} Ba4 $1 {[%mdl 512]} 19. Rxa4
Nxa4 20. Qxa4+ Qd7) 18. Nxc5 $11 Bb5 19. b4 {[%cal Bb2b4,Bb4c5,Bc5c6,Bc6c7]
[%mdl 32]} Nd7 {[%cal Rd7c5]} 20. Rfc1 Nxc5 21. bxc5 Be7 22. Be5 O-O 23. c6 Qe8
24. c7 Rc8 25. Bxd4 Bd6 26. Bb6 f5 27. e3 Bc4 (27... Bxc7 $5 28. Bxc7 Rf7 $11)
28. Bf1 Bxc7 29. Bxc4 Bxb6 30. axb6 Rxc4 31. Qa2 Qc6 32. Rcb1 Qd6 $2 {Loses
the game.} (32... Rb8 $14) 33. Qxa6 $18 {aiming for b7.} Rc6 (33... Rcc8 $142
34. b7 {[%mdl 64] Discovered Attack} Qxa6 35. Rxa6 Rb8 36. Rxe6 Rf7) 34. Qa7 (
34. Qb7 $142 Rcc8 35. Ra7) 34... Rcc8 $2 (34... Rb8 {is a better chance.}) 35.
Rc1 {Black must now prevent Rxc8.} Rb8 36. Rc7 Qe5 {intending ...Rxb6.} 37.
Rac1 d4 (37... f4 $142 38. gxf4 Qb2) 38. exd4 Qxd4 39. Rd7 {White mates.} Qe5
40. Rcc7 Kh8 41. Rxg7 Qe1+ 42. Kg2 Qe4+ 43. Kh3 {Weighted Error Value: White=0.
10/Black=0.46} 1-0

[Event "FIDE Chesscom Grand Swiss 2021"]
[Site "Riga"]
[Date "2021.11.03"]
[Round "7.53"]
[White "Budisavljevic, Luka"]
[Black "Gretarsson, Hjorvar Steinn"]
[Result "0-1"]
[WhiteElo "2508"]
[BlackElo "2577"]
[Annotator "TA"]
[PlyCount "70"]
[EventDate "2021.10.27"]
[EventType "swiss"]
[EventCountry "LAT"]
[Tiebreak "Cut1 Buchholz+Sonneborn-Berger (Swiss)"]
[SourceTitle "playchess.com"]
[Source "ChessBase"]
[SourceQuality "1"]

{[%evp 9,70,14,22,14,11,15,28,32,36,27,29,29,36,7,20,29,29,0,0,0,0,0,6,-60,-53,
-62,-59,-69,-62,-87,-72,-126,-125,-122,-97,-91,-96,-139,-131,-231,-230,-223,
-225,-329,-289,-356,-381,-356,-320,-331,-325,-330,-329,-317,-315,-725,-706,
-843,-859,-1291,-1266,-1372,-1323]} 1. d4 Nf6 2. c4 e6 3. Nc3 Bb4 4. Qc2 d6 5.
e3 O-O 6. Bd3 {E32: Nimzo-Indian: Classical (4 Qc2): 4...0-0.} c5 7. dxc5 dxc5
8. a3 {White has an edge.} Bxc3+ 9. Qxc3 Nc6 10. Ne2 e5 11. Ng3 {[#]} Be6 $146
({Predecessor:} 11... Qe7 12. Qc2 Re8 13. Ne4 Nxe4 14. Bxe4 g6 15. Bd2 Be6 16.
g3 Rad8 17. O-O Bxc4 18. Qxc4 Rxd2 19. Bxc6 bxc6 {0-1 (39) Kudrnac,V-Kout,Z
Czech Republic 1996}) 12. O-O a5 {[%cal Ba7a5,Ba5a4][%mdl 32]} 13. b3 a4 14.
Bb2 Qa5 15. Qc2 Rfd8 16. Rac1 (16. Bc3 $11 Qa6 17. Be2) 16... axb3 $15 17. Qxb3
b5 $1 {[%cal Bb7b5,Bb5c4][%mdl 32]} 18. Qc2 bxc4 19. Be4 {[#] Black continues
to play with concentration.} Rd2 $1 20. Qc3 (20. Qb1 $142 Rb8 21. Bc3) 20...
Nxe4 $17 21. Nxe4 Qxc3 22. Bxc3 Rd5 23. Bb2 Bf5 $36 {[%mdl 2048] Black is
really pushing.} 24. Ng3 (24. f3 $17) 24... Bd3 $19 25. Rfd1 Rdd8 26. Nf1 (26.
f3 {was called for.}) 26... Rdb8 27. Ba1 Rxa3 28. Nd2 Ra4 29. Bc3 f6 30. Ra1
Rxa1 31. Rxa1 Nb4 {[#] ...Nd5 is the strong threat.} 32. e4 (32. g4) 32... Nc2
{Black is clearly winning.} 33. Ra5 Nd4 34. Kh1 Nb3 35. Nxb3 Rxb3 {Weighted
Error Value: White=0.59/Black=0.03} 0-1

[Event "FIDE Chesscom Grand Swiss 2021"]
[Site "Riga"]
[Date "2021.11.03"]
[Round "7.54"]
[White "Rakotomaharo, Fy Antenaina"]
[Black "Miezis, Normunds"]
[Result "0-1"]
[WhiteElo "2484"]
[BlackElo "2467"]
[Annotator "TA"]
[PlyCount "132"]
[EventDate "2021.10.27"]
[EventType "swiss"]
[EventCountry "LAT"]
[Tiebreak "Cut1 Buchholz+Sonneborn-Berger (Swiss)"]
[SourceTitle "playchess.com"]
[Source "ChessBase"]
[SourceQuality "1"]

{[%evp 12,132,33,0,0,0,0,-14,0,0,0,0,31,28,25,36,108,100,141,137,130,143,170,
170,218,218,232,133,193,192,391,379,362,371,683,688,645,646,725,728,765,736,
744,784,754,768,759,750,750,693,1002,866,726,487,462,450,411,210,258,214,325,
45,79,0,0,-63,-54,-99,-91,-100,-93,-90,-93,-100,-92,-246,-234,-232,-200,-218,
-223,-223,-208,-218,-188,-210,-203,-181,-112,-281,-283,-247,-225,-214,-137,
-195,-193,-256,-264,-295,-295,-302,-289,-316,-298,-510,-493,-555,-553,-552,
-536,-752,-559,-566,-559,-551,-543,-530,-516,-515,-515,-598,-581]} 1. e4 c5 2.
Nf3 e6 3. d4 cxd4 4. Nxd4 a6 5. c4 Nf6 6. Nc3 Bb4 7. Nc2 {7.Qd3 is a critical
line.} Bxc3+ {B41: Sicilian: Kan Variation: 5 c4.} 8. bxc3 Qa5 9. Qd4 Nc6 {
The position is equal.} 10. Qe3 O-O 11. Ba3 Rd8 (11... d6 $5) 12. Bd6 $1 {[#]}
Ne8 $146 ({Predecessor:} 12... b5 13. Be2 bxc4 14. O-O Ne8 15. Bc5 Rb8 16. Bxc4
d6 17. Ba3 d5 18. exd5 exd5 {1-0 (61) Rahman,S (2141)-Abdyjapar,A (2391) Dhaka
2021}) 13. Bc5 {Strongly threatening Bb6.} Qa4 (13... Nf6 $1 $14) 14. Bd3 $1
$16 d6 15. Bb6 Rd7 16. f4 e5 17. f5 Re7 {and if ...Bxf5 works, Black does fine.
} 18. O-O Nf6 19. Qg3 ({Better is} 19. Qg5 $18) 19... Re8 (19... Nb8 $16) 20.
Be3 $18 {And now Bh6 would win.} Kf8 $2 (20... Kh8) 21. Qh4 Qa5 22. g4 h5 $2 (
22... Kg8 23. Bh6 Nd7) 23. g5 Ng8 24. Qxh5 f6 25. Rf3 Nd8 26. Nb4 Nf7 27. Nd5
Bd7 28. Rg3 Bc6 29. Bb6 Qa3 30. Nc7 fxg5 31. Ne6+ {[%mdl 64] Double Attack} Ke7
32. Nxg5 {[%csl Gg5][%cal Rh5f7]} Rf8 33. c5 Nf6 34. Qe2 (34. Qg6 $142 d5 35.
Bf1) 34... Qxc3 35. Rd1 Nxg5 (35... Ba4 $142) 36. Rxg5 $2 (36. cxd6+ $18 Ke8
37. Rxg5) 36... d5 $1 $14 {[#]} 37. Rxg7+ (37. Bc2 $1 $16 {aiming for exd5.}
Rf7 38. exd5 Nxd5 39. Rg3) 37... Rf7 $11 38. Rg3 (38. Rg6 $11) 38... Qd4+ $15
39. Kf1 Nxe4 40. Bxe4 Qxe4 41. Qxe4 dxe4 42. Rg5 Raf8 43. Kg2 $2 (43. Ke1 $17)
43... Rxf5 $19 44. Rxf5 Rxf5 {[%mdl 4096] Endgame KRB-KRB} 45. Kg3 e3 46. Re1
Rf3+ 47. Kg4 e4 48. h4 {[#]} Kf6 $1 {[%cal Rf6g6] Hoping for ...Kg6.} 49. Bd8+
Ke5 (49... Kg6 $19 {[%cal Rc6d7]} 50. h5+ Kh7) 50. h5 $2 (50. Bc7+ $17 Kf6 51.
Bd8+ Kg7 52. Kg5) 50... Bd7+ 51. Kg5 Rg3+ 52. Kh6 {Bc7+ is the strong threat.}
Rg8 53. Bh4 (53. Ba5 $17) 53... Bf5 54. Rxe3 (54. Be7 $142) 54... Kf4 55. Re1
Rh8+ 56. Kg7 Rxh5 57. Rf1+ Ke3 58. Be7 (58. Bf6) 58... Bd7 {Black is clearly
winning.} 59. Rb1 Bc6 60. Kg6 Rd5 61. Bg5+ Kf3 62. Rb3+ Kg4 63. Be7 Rd3 64. Rb4
Ra3 65. Kf6 Rxa2 66. Bd6 Kf3 {Never resign too early!  Weighted Error Value:
White=0.44/Black=0.26} 0-1